Statistics for Old-Gen Girl Group by Song (Kpop)

Click here to take the quiz!

General Stats

  • This quiz has been taken 402 times
  • The average score is 12 of 18

Answer Stats

SongGroup% Correct
GeeSNSD
98%
Up & DownEXID
91%
Electric ShockF(x)
91%
I Am the Best2NE1
90%
Touch My BodySistar
89%
Mr. ChuAPink
86%
Crazy4Minute
85%
Why So LonelyWonder Girls
68%
StepKara
67%
Good LuckAOA
62%
Um Oh Ah YehMamamoo
61%
I Don't Need a ManMiss A
57%
ExpectationGirl's Day
55%
Sexy LoveT-Ara
51%
FlashbackAfter School
46%
Hurt LockerNine Muses
40%
Apple PieFiestar
28%
Pretty PrettyLadies' Code
25%

Score Distribution

Percentile by Number Answered

Percent of People with Each Score

Your Score History

You have not taken this quiz